000
00342nam a2200157Ia 4500
100
_a
Erickson/Martin
650
_a
Number theory
942
_c
BK
366
_f
20
245
_a
Introduction to number theory
260
_b
Chapman and Hall
_c
2010
082
_a
512.7
_b
ERI
300
_a
521
546
_a
ENGLISH
_c
production
999
_c
26007
_d
26007